| 000 | nam a22 7a 4500 | ||
|---|---|---|---|
| 999 |
_c330509 _d330509 |
||
| 003 | NUST | ||
| 005 | 20170718150954.0 | ||
| 008 | 170718b xxu||||| |||| 00| 0 eng d | ||
| 020 | _a9783642089947 | ||
| 040 | _c0 | ||
| 082 | _a621.042 MAR | ||
| 100 |
_aKaltschmitt,Martin _93390 |
||
| 245 |
_aRenewable Energy: _bTechnology,Economics and Environment _cMartin Kaltschmitt |
||
| 260 |
_aBerlin,Heidelberg _bSpringer _c2010 |
||
| 300 | _a564p. | ||
| 500 | _aP.B | ||
| 942 |
_2ddc _cBK _kIESE |
||